<?xml version="1.0" encoding="UTF-8"?>
<record
    xmlns:xsi="http://www.w3.org/2001/XMLSchema-instance"
    xsi:schemaLocation="http://www.loc.gov/MARC21/slim http://www.loc.gov/standards/marcxml/schema/MARC21slim.xsd"
    xmlns="http://www.loc.gov/MARC21/slim">

  <leader>00774cam a22002417a 4500</leader>
  <datafield tag="999" ind1=" " ind2=" ">
    <subfield code="c">329597</subfield>
    <subfield code="d">329597</subfield>
  </datafield>
  <controlfield tag="001">15778326</controlfield>
  <controlfield tag="003">NUST</controlfield>
  <controlfield tag="005">20170613111125.0</controlfield>
  <controlfield tag="008">090617s2009    pk            000 1 urd  </controlfield>
  <datafield tag="010" ind1=" " ind2=" ">
    <subfield code="a">  2009362287</subfield>
  </datafield>
  <datafield tag="020" ind1=" " ind2=" ">
    <subfield code="a">9789695730621</subfield>
  </datafield>
  <datafield tag="040" ind1=" " ind2=" ">
    <subfield code="a">DLC</subfield>
    <subfield code="c">DLC</subfield>
  </datafield>
  <datafield tag="042" ind1=" " ind2=" ">
    <subfield code="a">lcode</subfield>
  </datafield>
  <datafield tag="050" ind1="0" ind2="0">
    <subfield code="a">MLCSA 2009/01166 (P)</subfield>
  </datafield>
  <datafield tag="082" ind1=" " ind2=" ">
    <subfield code="a">891.4393</subfield>
    <subfield code="b">ABD</subfield>
  </datafield>
  <datafield tag="100" ind1="1" ind2=" ">
    <subfield code="a">&#x2BB;Abdull&#x101;h, Nighat.</subfield>
    <subfield code="9">754</subfield>
  </datafield>
  <datafield tag="245" ind1="1" ind2="0">
    <subfield code="a">Kah&#x101;n&#x332; ruke hain&#x332; ma&#x1E25;abbat ke q&#x101;file /</subfield>
    <subfield code="c">Nighat &#x2BB;Abdull&#x101;h.</subfield>
  </datafield>
  <datafield tag="260" ind1=" " ind2=" ">
    <subfield code="a">L&#x101;hore :</subfield>
    <subfield code="b">Jah&#x101;ng&#x12B;r Buks :</subfield>
    <subfield code="b">Taqs&#x12B;m kunandah, Sailz &#x1E0C;ip&#x16B;,</subfield>
    <subfield code="c">2009</subfield>
  </datafield>
  <datafield tag="300" ind1=" " ind2=" ">
    <subfield code="a">256 p. ;</subfield>
    <subfield code="c">22 cm.</subfield>
  </datafield>
  <datafield tag="500" ind1=" " ind2=" ">
    <subfield code="a">Novel.</subfield>
  </datafield>
  <datafield tag="546" ind1=" " ind2=" ">
    <subfield code="a">In Urdu.</subfield>
  </datafield>
  <datafield tag="880" ind1=" " ind2=" ">
    <subfield code="a">&#x6A9;&#x6C1;&#x627;&#x6BA; &#x631;&#x6A9;&#x6D2; &#x6C1;&#x6CC;&#x6BA; &#x645;&#x62D;&#x628;&#x62A; &#x6A9;&#x6D2; &#x642;&#x627;&#x641;&#x644;&#x6D2;</subfield>
    <subfield code="6">245-02\(3\r</subfield>
    <subfield code="c">&#x646;&#x6AF;&#x6C1;&#x62A; &#x639;&#x628;&#x62F;&#x627;&#x644;&#x644;&#x6C1;</subfield>
  </datafield>
  <datafield tag="880" ind1=" " ind2=" ">
    <subfield code="a">&#x646;&#x6AF;&#x6C1;&#x62A; &#x639;&#x628;&#x62F;&#x627;&#x644;&#x644;&#x6C1;</subfield>
    <subfield code="6">100-01\(3\r</subfield>
  </datafield>
  <datafield tag="880" ind1=" " ind2=" ">
    <subfield code="a">&#x644;&#x627;&#x6C1;&#x648;&#x631;:</subfield>
    <subfield code="6">260-03\(3\r</subfield>
    <subfield code="b">&#x62E;&#x632;&#x6CC;&#x646;&#x6C1; &#x639;&#x644;&#x645; &#x648; &#x627;&#x62F;&#x628;&#x60C;</subfield>
    <subfield code="c">2009</subfield>
  </datafield>
  <datafield tag="906" ind1=" " ind2=" ">
    <subfield code="a">7</subfield>
    <subfield code="b">cbc</subfield>
    <subfield code="c">origode</subfield>
    <subfield code="d">4</subfield>
    <subfield code="e">ncip</subfield>
    <subfield code="f">20</subfield>
    <subfield code="g">y-gencatlg</subfield>
  </datafield>
  <datafield tag="942" ind1=" " ind2=" ">
    <subfield code="2">ddc</subfield>
    <subfield code="c">BK</subfield>
  </datafield>
  <datafield tag="952" ind1=" " ind2=" ">
    <subfield code="0">0</subfield>
    <subfield code="1">0</subfield>
    <subfield code="2">ddc</subfield>
    <subfield code="4">0</subfield>
    <subfield code="7">0</subfield>
    <subfield code="8">FIC</subfield>
    <subfield code="a">CL</subfield>
    <subfield code="b">CL</subfield>
    <subfield code="c">FIC</subfield>
    <subfield code="d">2017-05-15</subfield>
    <subfield code="l">4</subfield>
    <subfield code="m">1</subfield>
    <subfield code="o">891.4393 ABD</subfield>
    <subfield code="p">CL2440</subfield>
    <subfield code="r">2022-01-04</subfield>
    <subfield code="s">2022-01-02</subfield>
    <subfield code="t">1</subfield>
    <subfield code="w">2017-05-15</subfield>
    <subfield code="y">BK</subfield>
  </datafield>
</record>
